Comparison of the Development of R&D Tax Super Deduction in Czechia and Slovakia

Saved in:
Bibliographic Details
Main Author: Bočková, Nina
Other Authors: Pakšiová, Renáta, 1974-
Format: Book Chapter
Language:English
Subjects:
Tags: Add Tag
No Tags, Be the first to tag this record!

MARC

LEADER 00000naa$a2200000$$$4500
001 0289631
005 20240502083929.8
041 0 |a eng 
044 |a CZ 
245 1 0 |a Comparison of the Development of R&D Tax Super Deduction in Czechia and Slovakia  |c Nina Bočková, Renáta Pakšiová 
610 2 0 |a dane 
610 2 0 |a výskum 
610 2 0 |a vývoj 
610 2 0 |a odpočet dane 
610 2 0 |a podnik 
100 1 |a Bočková, Nina 
700 1 |a Pakšiová, Renáta, 1974-